| 000 | 00747nam a2200253Ia 4500 | ||
|---|---|---|---|
| 003 | OSt | ||
| 005 | 20220918220952.0 | ||
| 006 | a|||||r|||| 00| 0 | ||
| 007 | ta | ||
| 008 | 220917b |||||||| |||| 00| 0 eng d | ||
| 024 | _a147,624 | ||
| 037 | _cTextual | ||
| 040 |
_aARTS _cARTS _beng |
||
| 041 |
_2eng _aeng |
||
| 082 | _aY59270bV2:2, M0 | ||
| 100 | _aAnirudh Prasad | ||
| 245 | 0 | _aSocial engineering and constructional projection of weaker sections in India | |
| 260 |
_aNew Delhi _bDeep and Deep, _c1980 |
||
| 300 |
_a280 p _ccm. |
||
| 500 | _aincludes bibliography; Glossary p13-14; Appendix p257-77 | ||
| 650 | _aSOCIOLOGY | ||
| 942 |
_hY59270bV2:2, M0 _cTEXL _2CC |
||
| 999 |
_c270361 _d270361 |
||